[Event "FRA-ch Youth U14 2018"]
[Site "Agen"]
[Date "2018.04.19"]
[Round "6"]
[White "Brouard, Gregoire"]
[Black "Bacrot, Alexandre"]
[Result "0-1"]
[WhiteElo "1955"]
[BlackElo "2180"]
[Annotator "NA"]
[PlyCount "124"]
[EventDate "2018.??.??"]
[EventType "swiss"]
[EventCountry "FRA"]
[SourceTitle "playchess.com"]
[Source "ChessBase"]
[SourceQuality "1"]
[TimeControl "5400+30"]

1. d4 {[%emt 0:00:00]} d5 {[%emt 0:00:11]} 2. c4 {[%emt 0:00:00]} e6 {[%emt 0:00:03]} 3. Nc3 {[%emt 0:00:00]} Be7 {[%emt 0:00:16]} 4. Nf3 {[%emt 0:02:55]} Nf6 {[%emt 0:00:33]} 5. e3 {[%emt 0:02:08]} O-O {[%emt 0:00:54]} 6. h3 {[%emt 0:03:09]} b6 {[%emt 0:01:38]} 7. cxd5 {[%emt 0:04:47]} exd5 {[%emt 0:00:01]} 8. Bd3 {[%emt 0:00:14]} Bb7 {[%emt 0:01:23]} 9. O-O {[%emt 0:02:37]} c5 {[%emt 0:05:12]} 10. Qc2 {[%emt 0:17:11]} Nc6 {[%emt 0:00:34]} 11. a3 {[%emt 0:00:19]} c4 {[%emt 0:01:35]} 12. Be2 {[%emt 0:01:16]} Na5 {[%emt 0:08:14]} 13. Ne5 $15 {[%emt 0:02:28]} a6 {[%emt 0:03:45]} 14. f4 {[%emt 0:02:30]} b5 {[%emt 0:09:10]} 15. Bf3 {[%emt 0:03:23]} Nb3 {[%emt 0:00:00]} 16. Rb1 {[%emt 0:00:09]} Qb6 {[%emt 0:02:12]} 17. g4 {[%emt 0:06:10]} Rad8 {[%emt 0:01:11]} 18. Qg2 {[%emt 0:01:19]} Rfe8 {[%emt 0:09:44]} 19. g5 {[%emt 0:07:37]} Ne4 {[%emt 0:00:03]} 20. Nxe4 {[%emt 0:02:36]} dxe4 {[%emt 0:00:03]} 21. Bxe4 {[%emt 0:02:26]} Bxe4 {[%emt 0:00:35]} 22. Qxe4 {[%emt 0:00:08]} Bd6 {[%emt 0:04:31]} 23. Qf5 {[%emt 0:07:21]} Bxe5 {[%emt 0:02:35]} 24. fxe5 {[%emt 0:00:45]} Re7 {[%emt 0:00:06]} 25. Rf2 {[%emt 0:03:38]} Qe6 {[%emt 0:02:15]} 26. Qxe6 {[%emt 0:02:42]} Rxe6 {[%emt 0:00:10]} 27. Kf1 {[%emt 0:03:58]} h6 {[%emt 0:04:14]} 28. h4 {[%emt 0:00:30]} hxg5 {[%emt 0:06:04]} 29. hxg5 {[%emt 0:00:12]} Rd7 {[%emt 0:02:59]} 30. Ke1 {[%emt 0:05:11]} Rg6 {[%emt 0:04:33]} 31. Rf5 {[%emt 0:01:39]} Rd5 {[%emt 0:01:13]} 32. Ke2 {[%emt 0:02:23]} Rxd4 {[%emt 0:00:55]} 33. exd4 {[%emt 0:01:01]} Nxd4+ {[%emt 0:00:01]} 34. Ke3 {[%emt 0:06:24]} Nxf5+ {[%emt 0:00:01]} 35. Ke4 {[%emt 0:00:19]} Ne7 {[%emt 0:05:03]} 36. Bf4 {[%emt 0:03:08]} Rc6 {[%emt 0:04:45]} 37. Rd1 {[%emt 0:01:00]} Ng6 {[%emt 0:03:41]} 38. Rd8+ {[%emt 0:00:48]} Kh7 {[%emt 0:00:13]} 39. Rd6 {[%emt 0:00:13]} Rc5 {[%emt 0:00:35]} 40. Bh2 {[%emt 0:00:59]} a5 {[%emt 0:01:22]} 41. Kd4 {[%emt 0:00:24]} Rc7 {[%emt 0:02:29]} 42. Rd5 {[%emt 0:03:05]} b4 {[%emt 0:00:45]} 43. axb4 {[%emt 0:00:40]} axb4 {[%emt 0:00:02]} 44. Rb5 {[%emt 0:01:26]} c3 {[%emt 0:00:50]} 45. bxc3 {[%emt 0:00:15]} bxc3 {[%emt 0:00:03]} 46. Rb1 {[%emt 0:00:21]} c2 {[%emt 0:01:30]} 47. Rc1 {[%emt 0:00:05]} Nf8 {[%emt 0:00:04]} 48. Kd3 {[%emt 0:01:30]} Ne6 {[%emt 0:00:41]} 49. Rxc2 {[%emt 0:00:10]} Rxc2 {[%emt 0:00:03]} 50. Kxc2 {[%emt 0:00:07]} Nxg5 {[%emt 0:00:03]} 51. Bf4 {[%emt 0:00:32]} Ne6 {[%emt 0:00:10]} 52. Bg3 {[%emt 0:00:28]} Kg6 {[%emt 0:00:03]} 53. Kd3 {[%emt 0:00:13]} Kf5 {[%emt 0:00:02]} 54. Ke3 {[%emt 0:00:29]} g5 {[%emt 0:02:57]} 55. Bh2 {[%emt 0:00:45]} g4 {[%emt 0:07:19]} 56. Bg3 {[%emt 0:00:38]} Ng5 {[%emt 0:00:06]} 57. Kd4 {[%emt 0:01:05]} Ne4 {[%emt 0:00:33]} 58. Bh2 {[%emt 0:00:21]} g3 {[%emt 0:00:32]} 59. Bg1 {[%emt 0:00:16]} Ng5 {[%emt 0:00:10]} 60. Be3 {[%emt 0:01:05]} Nf3+ {[%emt 0:00:05]} 61. Kd5 {[%emt 0:00:22]} Nxe5 {[%emt 0:00:06]} 62. Kd4 {[%emt 0:00:24]} g2 {[%emt 0:00:16]} 0-1

[Event "FRA-ch Youth U14 2018"]
[Site "Agen"]
[Date "2018.04.19"]
[Round "6"]
[White "Randrianarimanana, Alicia"]
[Black "Sumarriva Paulin, Laura"]
[Result "1-0"]
[WhiteElo "1872"]
[BlackElo "1665"]
[Annotator "NA"]
[PlyCount "119"]
[EventDate "2018.??.??"]
[EventType "swiss"]
[EventCountry "FRA"]
[SourceTitle "playchess.com"]
[Source "ChessBase"]
[SourceQuality "1"]
[TimeControl "5400+30"]

1. d4 {[%emt 0:00:00]} d5 {[%emt 0:00:05]} 2. c4 {[%emt 0:00:00]} dxc4 {[%emt 0:00:24]} 3. Nf3 {[%emt 0:00:00]} Nf6 {[%emt 0:00:10]} 4. e3 {[%emt 0:00:00]} e6 {[%emt 0:00:06]} 5. Bxc4 {[%emt 0:00:00]} c5 {[%emt 0:00:08]} 6. O-O {[%emt 0:00:00]} a6 {[%emt 0:00:23]} 7. dxc5 {[%emt 0:00:06]} Bxc5 {[%emt 0:03:44]} 8. Qxd8+ {[%emt 0:01:06]} Kxd8 {[%emt 0:00:09]} 9. Ne5 {[%emt 0:00:09]} Ke7 {[%emt 0:00:16]} 10. Be2 {[%emt 0:00:12]} Nbd7 {[%emt 0:02:17]} 11. Nc4 {[%emt 0:01:29]} Nb6 {[%emt 0:06:35]} 12. Nbd2 {[%emt 0:26:02]} Nbd5 {[%emt 0:13:52]} 13. Nb3 {[%emt 0:02:01]} Bd6 {[%emt 0:07:56]} 14. Nxd6 {[%emt 0:00:45]} Kxd6 {[%emt 0:00:21]} 15. Rd1 {[%emt 0:05:35]} Ke7 {[%emt 0:01:56]} 16. Bf3 {[%emt 0:02:04]} Bd7 {[%emt 0:02:56]} 17. Bd2 {[%emt 0:23:40]} Rhc8 {[%emt 0:21:16]} 18. Rac1 {[%emt 0:06:41]} Rxc1 {[%emt 0:06:30]} 19. Rxc1 {[%emt 0:00:02]} Rc8 {[%emt 0:03:39]} 20. Nc5 {[%emt 0:06:58]} Bc6 {[%emt 0:04:23]} 21. Be2 {[%emt 0:02:31]} Nd7 {[%emt 0:10:46]} 22. Nd3 {[%emt 0:01:09]} Kd8 {[%emt 0:01:50]} 23. b3 {[%emt 0:02:16]} b6 {[%emt 0:01:49]} 24. e4 {[%emt 0:02:42]} N5f6 {[%emt 0:01:27]} 25. f3 {[%emt 0:00:04]} a5 {[%emt 0:00:26]} 26. Nb2 {[%emt 0:01:41]} Bb7 {[%emt 0:00:55]} 27. Nc4 {[%emt 0:01:35]} Ba6 {[%emt 0:00:56]} 28. Kf2 {[%emt 0:00:09]} Bxc4 {[%emt 0:00:36]} 29. Bxc4 {[%emt 0:00:09]} Ne5 {[%emt 0:00:44]} 30. Bb5 {[%emt 0:00:47]} Rxc1 {[%emt 0:00:53]} 31. Bxc1 {[%emt 0:00:01]} Ned7 {[%emt 0:01:34]} 32. Ke3 {[%emt 0:00:26]} Kc7 {[%emt 0:00:12]} 33. Ba3 {[%emt 0:00:40]} e5 {[%emt 0:00:50]} 34. Bc4 {[%emt 0:01:15]} Kc6 {[%emt 0:01:50]} 35. Bxf7 {[%emt 0:00:18]} b5 {[%emt 0:00:35]} 36. Be6 {[%emt 0:05:32]} Nc5 {[%emt 0:02:40]} 37. Bh3 {[%emt 0:00:50]} b4 38. Bb2 Kd6 {[%emt 0:02:18]} 39. g3 {[%emt 0:00:48]} a4 {[%emt 0:01:01]} 40. bxa4 {[%emt 0:00:02]} Nxa4 {[%emt 0:00:12]} 41. Ba1 {[%emt 0:00:14]} Nc5 {[%emt 0:00:40]} 42. Bf1 {[%emt 0:00:19]} Nfd7 {[%emt 0:00:56]} 43. Bc4 {[%emt 0:02:32]} Nb6 {[%emt 0:00:15]} 44. Bg8 {[%emt 0:00:17]} h6 {[%emt 0:00:16]} 45. f4 {[%emt 0:02:41]} exf4+ {[%emt 0:00:41]} 46. gxf4 {[%emt 0:00:10]} g5 {[%emt 0:00:36]} 47. e5+ {[%emt 0:01:46]} Ke7 {[%emt 0:00:27]} 48. f5 {[%emt 0:01:24]} Kf8 {[%emt 0:00:57]} 49. Bb3 {[%emt 0:02:15]} Nxb3 {[%emt 0:00:39]} 50. axb3 {[%emt 0:00:00]} h5 {[%emt 0:00:31]} 51. Ke4 {[%emt 0:01:15]} Ke7 {[%emt 0:00:23]} 52. Bd4 {[%emt 0:00:12]} Nd7 {[%emt 0:00:17]} 53. h3 {[%emt 0:00:36]} g4 {[%emt 0:00:36]} 54. hxg4 {[%emt 0:00:03]} hxg4 {[%emt 0:00:04]} 55. Kf4 {[%emt 0:00:08]} g3 {[%emt 0:00:07]} 56. Kxg3 {[%emt 0:00:04]} Ke8 {[%emt 0:00:34]} 57. e6 {[%emt 0:00:33]} Nb8 {[%emt 0:00:08]} 58. f6 {[%emt 0:00:37]} Na6 {[%emt 0:01:23]} 59. f7+ {[%emt 0:00:20]} Kf8 {[%emt 0:00:40]} 60. Be5 {[%emt 0:00:46]} 1-0

[Event "FRA-ch Youth U14 2018"]
[Site "Agen"]
[Date "2018.04.19"]
[Round "6"]
[White "Ginovart, Camille"]
[Black "Chemla, Anouk"]
[Result "0-1"]
[WhiteElo "1628"]
[BlackElo "1705"]
[Annotator "NA"]
[PlyCount "62"]
[EventDate "2018.??.??"]
[EventType "swiss"]
[EventCountry "FRA"]
[SourceTitle "playchess.com"]
[Source "ChessBase"]
[SourceQuality "1"]
[TimeControl "5400+30"]

1. e4 {[%emt 0:00:00]} c5 {[%emt 0:00:06]} 2. Nf3 {[%emt 0:00:00]} e6 {[%emt 0:00:07]} 3. c3 {[%emt 0:00:00]} Nf6 {[%emt 0:00:15]} 4. e5 {[%emt 0:00:10]} Nd5 {[%emt 0:00:06]} 5. d4 {[%emt 0:00:13]} cxd4 {[%emt 0:00:09]} 6. cxd4 {[%emt 0:00:21]} d6 {[%emt 0:00:20]} 7. Bc4 {[%emt 0:00:23]} Nc6 {[%emt 0:00:32]} 8. O-O {[%emt 0:00:18]} Be7 {[%emt 0:01:43]} 9. Qe2 {[%emt 0:00:47]} O-O {[%emt 0:01:09]} 10. Qe4 {[%emt 0:00:29]} dxe5 {[%emt 0:26:03]} 11. dxe5 {[%emt 0:00:55]} Na5 {[%emt 0:04:39]} 12. Bd3 {[%emt 0:01:20]} g6 {[%emt 0:01:08]} 13. Bh6 {[%emt 0:01:44]} Re8 {[%emt 0:00:48]} 14. h4 {[%emt 0:05:05]} Qb6 {[%emt 0:05:27]} 15. Qe2 {[%emt 0:08:33]} Bd7 {[%emt 0:03:27]} 16. Ng5 {[%emt 0:06:14]} Nc6 {[%emt 0:19:26]} 17. h5 {[%emt 0:25:20]} Nd4 {[%emt 0:06:48]} 18. Qe4 {[%emt 0:03:07]} Nf5 {[%emt 0:01:39]} 19. Nxf7 {[%emt 0:02:07]} Kxf7 {[%emt 0:01:53]} 20. hxg6+ {[%emt 0:00:13]} hxg6 21. g4 {[%emt 0:02:17]} Rg8 {[%emt 0:01:58]} 22. Qf3 {[%emt 0:01:27]} Qd4 {[%emt 0:07:53]} 23. Re1 {[%emt 0:04:34]} Bc5 {[%emt 0:03:05]} 24. Re2 {[%emt 0:04:04]} Ke8 {[%emt 0:01:45]} 25. gxf5 {[%emt 0:00:20]} gxf5+ {[%emt 0:00:33]} 26. Kf1 {[%emt 0:00:13]} Qh4 {[%emt 0:01:29]} 27. Rc2 {[%emt 0:04:45]} Qxh6 {[%emt 0:06:58]} 28. Rxc5 {[%emt 0:00:32]} Bc6 {[%emt 0:00:28]} 29. Bb5 {[%emt 0:04:13]} Bxb5+ {[%emt 0:00:18]} 30. Rxb5 {[%emt 0:00:03]} Qc1+ {[%emt 0:00:16]} 31. Ke2 {[%emt 0:00:34]} Nf4+ {[%emt 0:00:28]} 0-1

[Event "FRA-ch Youth U14 2018"]
[Site "Agen"]
[Date "2018.04.19"]
[Round "6"]
[White "Courjal, Pauline"]
[Black "Nguyen, Thao Nhi"]
[Result "0-1"]
[WhiteElo "1509"]
[BlackElo "1861"]
[Annotator "NA"]
[PlyCount "82"]
[EventDate "2018.??.??"]
[EventType "swiss"]
[EventCountry "FRA"]
[SourceTitle "playchess.com"]
[Source "ChessBase"]
[SourceQuality "1"]
[TimeControl "5400+30"]

1. d4 {[%emt 0:00:00]} Nf6 {[%emt 0:00:30]} 2. c4 {[%emt 0:00:30]} e5 {[%emt 0:00:30]} 3. dxe5 {[%emt 0:00:30]} Ng4 {[%emt 0:00:30]} 4. e4 {[%emt 0:00:30]} Nxe5 {[%emt 0:00:00]} 5. f4 {[%emt 0:00:00]} Nec6 {[%emt 0:00:00]} 6. Nf3 {[%emt 0:03:18]} Bc5 {[%emt 0:01:19]} 7. Nc3 {[%emt 0:05:35]} O-O {[%emt 0:02:34]} 8. a3 {[%emt 0:05:19]} a5 {[%emt 0:01:44]} 9. Bd3 {[%emt 0:01:32]} d6 {[%emt 0:01:50]} 10. Bd2 {[%emt 0:10:44]} f5 {[%emt 0:01:02]} 11. exf5 {[%emt 0:02:11]} Re8+ {[%emt 0:03:35]} 12. Ne2 {[%emt 0:06:34]} Nd4 {[%emt 0:00:28]} 13. Nfxd4 {[%emt 0:00:15]} Bxd4 {[%emt 0:00:09]} 14. Qc2 {[%emt 0:01:38]} Qf6 {[%emt 0:01:35]} 15. O-O-O {[%emt 0:03:15]} Be3 {[%emt 0:05:12]} 16. Bxe3 {[%emt 0:04:14]} Rxe3 {[%emt 0:00:06]} 17. Be4 {[%emt 0:03:40]} Nc6 {[%emt 0:11:57]} 18. Nc3 {[%emt 0:03:40]} Nd4 {[%emt 0:14:18]} 19. Qf2 {[%emt 0:07:53]} Ne2+ {[%emt 0:01:00]} 20. Kc2 {[%emt 0:00:45]} Rxc3+ {[%emt 0:01:29]} 21. Kb1 {[%emt 0:09:00]} Bxf5 {[%emt 0:02:51]} 22. Qxe2 {[%emt 0:02:12]} Bxe4+ {[%emt 0:02:30]} 23. Qxe4 {[%emt 0:00:24]} Rb3 {[%emt 0:00:10]} 24. Qc2 {[%emt 0:02:24]} Rb6 {[%emt 0:04:51]} 25. g3 {[%emt 0:02:38]} Re8 {[%emt 0:00:13]} 26. Rhe1 {[%emt 0:02:04]} Re6 {[%emt 0:02:18]} 27. Rxe6 {[%emt 0:04:23]} Qxe6 {[%emt 0:00:14]} 28. c5 {[%emt 0:00:41]} Rc6 {[%emt 0:01:25]} 29. cxd6 {[%emt 0:01:46]} cxd6 {[%emt 0:02:12]} 30. Qa4 {[%emt 0:01:00]} Qe2 {[%emt 0:02:52]} 31. h4 {[%emt 0:01:27]} b5 {[%emt 0:01:35]} 32. Qb3+ {[%emt 0:00:45]} Kf8 {[%emt 0:01:37]} 33. Qd5 {[%emt 0:01:23]} Qc2+ {[%emt 0:00:08]} 34. Ka1 {[%emt 0:00:16]} b4 {[%emt 0:01:54]} 35. Qd3 {[%emt 0:01:57]} b3 {[%emt 0:02:29]} 36. Qf1 {[%emt 0:02:04]} d5 {[%emt 0:01:22]} 37. f5 {[%emt 0:02:11]} d4 {[%emt 0:00:10]} 38. f6 {[%emt 0:00:11]} gxf6 {[%emt 0:00:05]} 39. g4 {[%emt 0:01:04]} d3 {[%emt 0:00:27]} 40. Qxd3 {[%emt 0:00:13]} Qxd3 {[%emt 0:00:07]} 41. Rxd3 {[%emt 0:00:08]} Rc1# {[%emt 0:00:36]} 0-1

[Event "FRA-ch Youth U14 2018"]
[Site "Agen"]
[Date "2018.04.20"]
[Round "7"]
[White "Bacrot, Alexandre"]
[Black "Papadiamandis, Elliot"]
[Result "0-1"]
[WhiteElo "2180"]
[BlackElo "2016"]
[Annotator "NA"]
[PlyCount "204"]
[EventDate "2018.??.??"]
[EventType "swiss"]
[EventCountry "FRA"]
[SourceTitle "playchess.com"]
[Source "ChessBase"]
[SourceQuality "1"]
[TimeControl "5400+30"]

1. d4 {[%emt 0:00:00]} Nf6 {[%emt 0:00:07]} 2. Nf3 {[%emt 0:00:00]} g6 {[%emt 0:00:08]} 3. Nbd2 {[%emt 0:00:00]} d5 {[%emt 0:01:21]} 4. b4 {[%emt 0:00:00] D02: 1 d4 d5 2 Nf3 sidelines, including 2...Nf6 3 g3 and 2...Nf6 3 Bf4} (4. e3 Nc6 5. b3 Bg7 6. Bb2 O-O 7. Be2 a5 8. a3 b6 9. O-O e6 10. c4 Ne7 11. cxd5 exd5 {½-½ (38) So,W (2792)-Svidler,P (2768) Wijk aan Zee 2018}) 4... Bg7 {[%emt 0:02:14]} 5. Bb2 {[%emt 0:00:07]} Nbd7 {[%emt 0:03:26]} 6. e3 {[%emt 0:00:06]} c6 {[%emt 0:01:59]} 7. Be2 $146 {[%emt 0:00:18]} ({Predecessor:} 7. c4 a5 8. b5 O-O 9. cxd5 cxd5 10. Rc1 e5 11. Nxe5 Nxe5 12. dxe5 Ng4 13. Nf3 Qe7 14. Be2 Nxe5 15. Nxe5 Bxe5 16. Bxe5 Qxe5 {½-½ (16) Ferrufino,B (2199)-Trois,F (2352) Santa Cruz 2008}) 7... Nb6 {[%emt 0:04:14]} 8. c4 {[%emt 0:03:25]} dxc4 {[%emt 0:04:44]} 9. Nxc4 {[%emt 0:00:49]} Be6 {[%emt 0:02:34]} 10. Na5 {[%emt 0:04:26]} Qc7 {[%emt 0:03:31]} 11. O-O {[%emt 0:01:04]} O-O {[%emt 0:01:28]} 12. a3 {[%emt 0:00:37]} Rad8 {[%emt 0:04:29]} 13. Rc1 {[%emt 0:03:03]} Qb8 {[%emt 0:01:01]} 14. Ne5 {[%emt 0:06:15]} Nbd7 {[%emt 0:09:07]} 15. Nexc6 {[%emt 0:13:04]} bxc6 {[%emt 0:00:13]} 16. Nxc6 {[%emt 0:00:01]} Qd6 {[%emt 0:00:15]} 17. Nxd8 {[%emt 0:00:08]} Rxd8 {[%emt 0:00:05]} 18. Qa4 {[%emt 0:03:48]} Qb8 {[%emt 0:02:59]} 19. Qa5 {[%emt 0:04:02]} Nb6 {[%emt 0:03:22]} 20. b5 {[%emt 0:07:47]} Ne4 {[%emt 0:04:08]} 21. a4 {[%emt 0:04:20]} Nd6 {[%emt 0:02:48]} 22. Qb4 {[%emt 0:06:03]} Nd5 {[%emt 0:01:55]} 23. Qa3 {[%emt 0:01:39]} Nb6 {[%emt 0:03:30]} 24. Rfd1 {[%emt 0:01:39]} Ndc4 {[%emt 0:01:07]} 25. Qb4 {[%emt 0:10:55]} Nxb2 {[%emt 0:04:31]} 26. Qxb2 {[%emt 0:00:12]} Nxa4 {[%emt 0:01:28]} 27. Qb4 {[%emt 0:00:06]} Nb6 {[%emt 0:00:06]} 28. Qxe7 {[%emt 0:02:13]} Bf8 {[%emt 0:02:48]} 29. Qc7 {[%emt 0:00:28]} Bb3 {[%emt 0:01:46]} 30. Rf1 {[%emt 0:00:41]} Nd5 {[%emt 0:01:14]} 31. Qxb8 {[%emt 0:00:46]} Rxb8 {[%emt 0:00:13]} 32. g3 {[%emt 0:10:58]} Ba4 {[%emt 0:02:38]} 33. e4 {[%emt 0:02:00]} Nb4 {[%emt 0:00:32]} 34. Ra1 {[%emt 0:00:33]} Bxb5 {[%emt 0:00:22]} 35. Bxb5 {[%emt 0:00:07]} Rxb5 {[%emt 0:00:05]} 36. Rxa7 {[%emt 0:00:07]} Nc6 {[%emt 0:04:07]} 37. Rd7 {[%emt 0:00:29]} Rb4 {[%emt 0:03:43]} 38. Rd1 {[%emt 0:00:24]} h5 {[%emt 0:01:56]} 39. Kg2 {[%emt 0:07:00]} Rb2 {[%emt 0:08:50]} 40. Rc7 {[%emt 0:01:19]} Nb4 {[%emt 0:00:48]} 41. d5 {[%emt 0:00:52]} Bd6 {[%emt 0:00:09]} 42. Rc8+ {[%emt 0:00:25]} Kg7 {[%emt 0:00:02]} 43. Kf1 {[%emt 0:02:40]} g5 {[%emt 0:02:12]} 44. h3 {[%emt 0:02:31]} Kf6 {[%emt 0:01:06]} 45. Rc3 {[%emt 0:01:00]} g4 {[%emt 0:02:52]} 46. hxg4 {[%emt 0:02:26]} hxg4 {[%emt 0:00:02]} 47. f4 {[%emt 0:01:22]} gxf3 {[%emt 0:00:10]} 48. Rxf3+ {[%emt 0:00:04]} Ke5 {[%emt 0:01:38]} 49. Re1 {[%emt 0:00:56]} Nc2 {[%emt 0:00:45]} 50. Rxf7 {[%emt 0:01:04]} Nxe1 {[%emt 0:00:33]} 51. Kxe1 {[%emt 0:00:06]} Kxe4 {[%emt 0:00:12]} 52. g4 {[%emt 0:00:48]} Kxd5 {[%emt 0:00:29]} 53. g5 {[%emt 0:00:22]} Rg2 {[%emt 0:00:12]} 54. Rf5+ {[%emt 0:00:47]} Ke4 {[%emt 0:00:10]} 55. Kf1 {[%emt 0:00:22]} Rb2 {[%emt 0:01:16]} ({Much weaker is} 55... Kxf5 $6 56. Kxg2 Kxg5 $11) 56. Rf6 {[%emt 0:00:11]} Be5 {[%emt 0:00:27]} 57. Rf7 {[%emt 0:00:12]} Rb6 {[%emt 0:00:23]} 58. Ra7 {[%emt 0:00:56]} Rg6 {[%emt 0:00:30]} 59. Ra5 {[%emt 0:00:06]} Rxg5 {[%emt 0:00:10]} 60. Ra3 {[%emt 0:00:54]} Bd4 {[%emt 0:00:09]} 61. Rh3 {[%emt 0:00:21]} Rg1+ {[%emt 0:00:06]} 62. Ke2 {[%emt 0:00:01]} Rg2+ {[%emt 0:00:01]} 63. Ke1 {[%emt 0:00:20]} Be3 {[%emt 0:00:30]} 64. Kf1 {[%emt 0:01:16]} Ra2 {[%emt 0:00:44]} 65. Rg3 {[%emt 0:00:45]} Bf4 {[%emt 0:00:25]} 66. Rh3 {[%emt 0:00:12]} Bh2 {[%emt 0:01:05]} 67. Rb3 {[%emt 0:00:34]} Be5 {[%emt 0:00:27]} 68. Rh3 {[%emt 0:00:18]} Kf4 {[%emt 0:00:33]} 69. Ke1 {[%emt 0:00:58]} Rb2 {[%emt 0:00:35]} 70. Kd1 {[%emt 0:00:22]} Ke4 {[%emt 0:00:24]} 71. Kc1 {[%emt 0:00:35]} Rg2 {[%emt 0:00:07]} 72. Rb3 {[%emt 0:00:20]} Bd4 {[%emt 0:00:13]} 73. Kb1 {[%emt 0:00:29]} Kd5 {[%emt 0:00:08]} 74. Kc1 {[%emt 0:00:33]} Be5 {[%emt 0:00:14]} 75. Kd1 {[%emt 0:00:14]} Kc4 {[%emt 0:00:15]} 76. Rf3 {[%emt 0:00:39]} Kd4 {[%emt 0:00:33]} 77. Ke1 {[%emt 0:00:32]} Ke4 {[%emt 0:00:10]} 78. Rh3 {[%emt 0:00:22]} Bg3+ {[%emt 0:00:10]} 79. Kd1 {[%emt 0:00:39]} Kd3 {[%emt 0:01:04]} 80. Kc1 {[%emt 0:00:05]} Kc3 {[%emt 0:00:59]} 81. Kb1 {[%emt 0:00:16]} Kb3 {[%emt 0:00:35]} 82. Kc1 {[%emt 0:00:09]} Kc4 {[%emt 0:00:43]} 83. Rh8 {[%emt 0:01:02]} Bf4+ {[%emt 0:00:39]} 84. Kd1 {[%emt 0:00:16]} Be3 {[%emt 0:00:33]} 85. Rd8 {[%emt 0:01:04]} Bd4 {[%emt 0:00:09]} 86. Kc1 {[%emt 0:00:24]} Kc3 {[%emt 0:01:06]} 87. Kb1 {[%emt 0:00:34]} Rb2+ {[%emt 0:02:30]} 88. Kc1 {[%emt 0:00:28]} Rd2 {[%emt 0:01:42]} 89. Rc8+ {[%emt 0:00:31]} Kd3 {[%emt 0:00:07]} 90. Kb1 {[%emt 0:00:25]} Rb2+ {[%emt 0:00:37]} 91. Kc1 {[%emt 0:00:06]} Ra2 {[%emt 0:00:29]} 92. Rb8 {[%emt 0:00:21]} Ra1+ {[%emt 0:00:53]} 93. Rb1 {[%emt 0:00:07]} Be3+ {[%emt 0:01:33]} (93... Ra5 94. Rb3+ Bc3 95. Rb8 Rh5 96. Rd8+ Bd4 97. Kb1 Ra5 98. Rxd4+ Kxd4 99. Kc2 Kc4 100. Kd2 Re5 101. Kc2 Re2+ 102. Kd1 Kd3 103. Kc1 Kc3 104. Kb1 Re1+ 105. Ka2 Rh1 106. Ka3 Ra1#) 94. Kb2 {[%emt 0:00:01]} Ra8 $11 {[%emt 0:00:23]} 95. Kb3 {[%emt 0:02:00]} Bd2 {[%emt 0:00:34]} 96. Rh1 {[%emt 0:00:33]} Rb8+ {[%emt 0:00:25]} 97. Ka4 {[%emt 0:00:41]} Bc3 {[%emt 0:00:26]} 98. Rh4 {[%emt 0:00:29]} Bd4 {[%emt 0:00:21]} 99. Ka5 {[%emt 0:00:14]} Kc4 {[%emt 0:00:27]} 100. Ka6 {[%emt 0:00:11]} Rb6+ {[%emt 0:01:52]} 101. Ka5 {[%emt 0:00:01]} Re6 {[%emt 0:00:13]} 102. Rh5 {[%emt 0:01:10]} Bc3+ {[%emt 0:00:21]} 0-1